{"text_format":"3","workbook":"xlsx","n_sheets":1,"sheets":["t38"],"read":"whole","date_system":"1900"}

{"sheet":"t38","index":0,"n_rows":212,"n_cols":7,"rows_kept":212,"merged":[[0,0,0,6],[30,0,30,5],[49,0,49,5],[160,0,160,5]]}
["TABELA 38.1 - Estatísticas Agrícolas, Município de Araras, Estado de São Paulo, 2007/08."]
["ITEM","UNIDADE","N.DE UPAs","MÍNIMO","MÉDIO","MÁXIMO","TOTAL"]
["Distância à sede do município","km",912,0.3,{"v":13.23,"d":"13.2"},{"v":30,"d":"30.0"},"-"]
["Área total","hectare",912,0.5,63.7,{"v":4883.3,"d":"4,883.3"},{"v":58096.1,"d":"58,096.1"}]
["Área com cultura perene","hectare",336,0.2,{"v":27.76,"d":"27.8"},771.1,{"v":9328.8,"d":"9,328.8"}]
["Área com cultura temporária","hectare",642,0.2,{"v":54.17,"d":"54.2"},{"v":3682.2,"d":"3,682.2"},{"v":34780,"d":"34,780.0"}]
["Área com pastagem","hectare",192,0.1,{"v":8.29,"d":"8.3"},86.1,{"v":1591.3,"d":"1,591.3"}]
["Área com reflorestamento","hectare",24,0.2,{"v":3.16,"d":"3.2"},{"v":17,"d":"17.0"},75.8]
["Área com vegetação natural","hectare",606,0.1,{"v":13.82,"d":"13.8"},704.3,{"v":8372.1,"d":"8,372.1"}]
["Área com vegetação de brejo e várzea","hectare",18,0.3,{"v":31.23,"d":"31.2"},301.8,562.2]
["Área em descanso","hectare",39,0.2,{"v":12.09,"d":"12.1"},{"v":100,"d":"100.0"},471.4]
["Área complementar","hectare",781,0.1,{"v":3.73,"d":"3.7"},426.9,{"v":2914.5,"d":"2,914.5"}]
["Área das UPAs com (0, 1] ha","hectare",2,0.5,0.6,0.7,1.2]
["Área das UPAs com (1, 2] ha","hectare",11,1.2,{"v":1.85,"d":"1.9"},{"v":2,"d":"2.0"},20.4]
["Área das UPAs com (2, 5] ha","hectare",120,2.1,{"v":3.64,"d":"3.6"},{"v":5,"d":"5.0"},436.6]
["Área das UPAs com (5, 10] ha","hectare",183,5.1,{"v":7.34,"d":"7.3"},{"v":10,"d":"10.0"},{"v":1343.3,"d":"1,343.3"}]
["Área das UPAs com (10, 20] ha","hectare",252,10.2,{"v":14.83,"d":"14.8"},{"v":20,"d":"20.0"},{"v":3736.3,"d":"3,736.3"}]
["Área das UPAs com (20, 50] ha","hectare",186,20.1,31.1,{"v":50,"d":"50.0"},{"v":5785,"d":"5,785.0"}]
["Área das UPAs com (50, 100] ha","hectare",55,50.6,{"v":69.81,"d":"69.8"},99.8,{"v":3839.3,"d":"3,839.3"}]
["Área das UPAs com (100, 200] ha","hectare",40,101.6,{"v":138.79,"d":"138.8"},198.4,{"v":5551.6,"d":"5,551.6"}]
["Área das UPAs com (200, 500] ha","hectare",38,200.2,{"v":307.25,"d":"307.3"},{"v":500,"d":"500.0"},{"v":11675.6,"d":"11,675.6"}]
["Área das UPAs com (500, 1.000] ha","hectare",17,{"v":508,"d":"508.0"},{"v":638.78,"d":"638.8"},871.2,{"v":10859.3,"d":"10,859.3"}]
["Área das UPAs com (1.000, 2.000] ha","hectare",7,{"v":1045.7,"d":"1,045.7"},{"v":1423.46,"d":"1,423.5"},{"v":1886.9,"d":"1,886.9"},{"v":9964.2,"d":"9,964.2"}]
["Área das UPAs com (2.000, 5.000] ha","hectare",1,{"v":4883.3,"d":"4,883.3"},{"v":4883.3,"d":"4,883.3"},{"v":4883.3,"d":"4,883.3"},{"v":4883.3,"d":"4,883.3"}]
["Área das UPAs com (5.000, 10.000] ha","hectare","-","-","-","-","-"]
["Área das UPAs acima de 10.000 ha","hectare","-","-","-","-","-"]
["Familiares do proprietário que trabalham na UPA","unidade",628,{"v":1,"d":"1.0"},{"v":1.71,"d":"1.7"},{"v":15,"d":"15.0"},{"v":1076,"d":"1,076.0"}]
["Trabalhadores permanentes","unidade",186,{"v":1,"d":"1.0"},{"v":7.62,"d":"7.6"},{"v":125,"d":"125.0"},{"v":1417,"d":"1,417.0"}]
["Fonte: Secretaria de Agricultura e Abastecimento, CDRS/IEA, Projeto LUPA."]
[]
["TABELA 38.2 - Explorações Animais, Município de Araras, Estado de São Paulo, 2007/08."]
["ITEM","UNIDADE","N.DE UPAs","MÍNIMO","MÉDIO","MÁXIMO","TOTAL"]
["Apicultura","colmeias",2,{"v":60,"d":"60.0"},{"v":90,"d":"90.0"},{"v":120,"d":"120.0"},{"v":180,"d":"180.0"}]
["Asininos E Muares","cabeças",1,{"v":30,"d":"30.0"},{"v":30,"d":"30.0"},{"v":30,"d":"30.0"},{"v":30,"d":"30.0"}]
["Avicultura de Corte","cabeças/ano",9,{"v":600,"d":"600.0"},{"v":182677.78,"d":"182,677.8"},{"v":475000,"d":"475,000.0"},{"v":1644100,"d":"1,644,100.0"}]
["Avicultura para Ovos","cabeças",2,{"v":500,"d":"500.0"},{"v":4750,"d":"4,750.0"},{"v":9000,"d":"9,000.0"},{"v":9500,"d":"9,500.0"}]
["Bovinocultura de Corte","cabeças",9,{"v":10,"d":"10.0"},{"v":118.33,"d":"118.3"},{"v":380,"d":"380.0"},{"v":1065,"d":"1,065.0"}]
["Bovinocultura Leiteira","cabeças",3,{"v":15,"d":"15.0"},{"v":583.33,"d":"583.3"},{"v":1700,"d":"1,700.0"},{"v":1750,"d":"1,750.0"}]
["Bovinocultura Mista","cabeças",131,{"v":1,"d":"1.0"},{"v":16.56,"d":"16.6"},{"v":150,"d":"150.0"},{"v":2169,"d":"2,169.0"}]
["Caprinocultura","cabeças",5,{"v":4,"d":"4.0"},24.6,{"v":70,"d":"70.0"},{"v":123,"d":"123.0"}]
["Codornicultura","cabeças",1,{"v":35,"d":"35.0"},{"v":35,"d":"35.0"},{"v":35,"d":"35.0"},{"v":35,"d":"35.0"}]
["Cunicultura","cabeças",1,{"v":30,"d":"30.0"},{"v":30,"d":"30.0"},{"v":30,"d":"30.0"},{"v":30,"d":"30.0"}]
["Equinocultura","cabeças",108,{"v":1,"d":"1.0"},{"v":6.22,"d":"6.2"},{"v":200,"d":"200.0"},{"v":672,"d":"672.0"}]
["Ovinocultura","cabeças",12,{"v":7,"d":"7.0"},{"v":76.33,"d":"76.3"},{"v":363,"d":"363.0"},{"v":916,"d":"916.0"}]
["Piscicultura","m² tanques",6,{"v":2400,"d":"2,400.0"},{"v":13600,"d":"13,600.0"},{"v":30000,"d":"30,000.0"},{"v":81600,"d":"81,600.0"}]
["Ranicultura","girinos/ano",1,{"v":80000,"d":"80,000.0"},{"v":80000,"d":"80,000.0"},{"v":80000,"d":"80,000.0"},{"v":80000,"d":"80,000.0"}]
["Suinocultura","cabeças",26,{"v":3,"d":"3.0"},{"v":60.04,"d":"60.0"},{"v":500,"d":"500.0"},{"v":1561,"d":"1,561.0"}]
["Fonte: Secretaria de Agricultura e Abastecimento, CDRS/IEA, Projeto LUPA."]
[]
["TABELA 38.3 -  Máquinas, Implementos e Benfeitorias, Município de Araras, Estado de São Paulo, 2007/08."]
["ITEM","UNIDADE","N.DE UPAs","MÍNIMO","MÉDIO","MÁXIMO","TOTAL"]
["Arado Comum (Bacia, Aiveca)","Unidade",226,{"v":1,"d":"1.0"},{"v":1.19,"d":"1.2"},{"v":8,"d":"8.0"},{"v":270,"d":"270.0"}]
["Arado Escarificador","Unidade",17,{"v":1,"d":"1.0"},{"v":2,"d":"2.0"},{"v":13,"d":"13.0"},{"v":34,"d":"34.0"}]
["Arado Subsolador","Unidade",2,{"v":1,"d":"1.0"},{"v":1,"d":"1.0"},{"v":1,"d":"1.0"},{"v":2,"d":"2.0"}]
["Batedeira de Cereais","Unidade",36,{"v":1,"d":"1.0"},{"v":1.03,"d":"1.0"},{"v":2,"d":"2.0"},{"v":37,"d":"37.0"}]
["Câmara Fria","Unidade",6,{"v":1,"d":"1.0"},{"v":1,"d":"1.0"},{"v":1,"d":"1.0"},{"v":6,"d":"6.0"}]
["Carregadeira de Cana","Unidade",19,{"v":1,"d":"1.0"},{"v":4,"d":"4.0"},{"v":21,"d":"21.0"},{"v":76,"d":"76.0"}]
["Colhedeira Acoplada","Unidade",2,{"v":1,"d":"1.0"},{"v":1,"d":"1.0"},{"v":1,"d":"1.0"},{"v":2,"d":"2.0"}]
["Colhedeira Automotriz","Unidade",6,{"v":1,"d":"1.0"},{"v":4.83,"d":"4.8"},{"v":19,"d":"19.0"},{"v":29,"d":"29.0"}]
["Computador","Unidade",1,{"v":1,"d":"1.0"},{"v":1,"d":"1.0"},{"v":1,"d":"1.0"},{"v":1,"d":"1.0"}]
["Conj.Irrigação Autopropelido","Unidade",10,{"v":1,"d":"1.0"},1.2,{"v":2,"d":"2.0"},{"v":12,"d":"12.0"}]
["Conj.Irrigação Convencional","Unidade",50,{"v":1,"d":"1.0"},{"v":1.08,"d":"1.1"},{"v":2,"d":"2.0"},{"v":54,"d":"54.0"}]
["Conj.Irrigação/Gotejamento/Microaspersão","Unidade",12,{"v":1,"d":"1.0"},{"v":1,"d":"1.0"},{"v":1,"d":"1.0"},{"v":12,"d":"12.0"}]
["Conjunto de Fenação","Unidade",3,{"v":1,"d":"1.0"},{"v":1.67,"d":"1.7"},{"v":2,"d":"2.0"},{"v":5,"d":"5.0"}]
["Desintegrador de Palha (Plantio Direto)","Unidade",1,{"v":1,"d":"1.0"},{"v":1,"d":"1.0"},{"v":1,"d":"1.0"},{"v":1,"d":"1.0"}]
["Desintegrador, Picador, Triturador","Unidade",144,{"v":1,"d":"1.0"},{"v":1.19,"d":"1.2"},{"v":4,"d":"4.0"},{"v":171,"d":"171.0"}]
["Distribuidor de Calcário","Unidade",127,{"v":1,"d":"1.0"},{"v":1.39,"d":"1.4"},{"v":13,"d":"13.0"},{"v":177,"d":"177.0"}]
["Ensiladeira","Unidade",6,{"v":1,"d":"1.0"},{"v":1.33,"d":"1.3"},{"v":3,"d":"3.0"},{"v":8,"d":"8.0"}]
["Grade Aradora (Tipo Romi)","Unidade",108,{"v":1,"d":"1.0"},{"v":1.38,"d":"1.4"},{"v":10,"d":"10.0"},{"v":149,"d":"149.0"}]
["Grade Niveladora","Unidade",233,{"v":1,"d":"1.0"},1.3,{"v":10,"d":"10.0"},{"v":304,"d":"304.0"}]
["Implementos para Tração Animal","Unidade",1,{"v":1,"d":"1.0"},{"v":1,"d":"1.0"},{"v":1,"d":"1.0"},{"v":1,"d":"1.0"}]
["Microtrator","Unidade",17,{"v":1,"d":"1.0"},{"v":1.47,"d":"1.5"},{"v":5,"d":"5.0"},{"v":25,"d":"25.0"}]
["Misturador de Ração","Unidade",8,{"v":1,"d":"1.0"},{"v":1,"d":"1.0"},{"v":1,"d":"1.0"},{"v":8,"d":"8.0"}]
["Ordenhadeira Mecânica","Unidade",3,{"v":1,"d":"1.0"},{"v":3,"d":"3.0"},{"v":7,"d":"7.0"},{"v":9,"d":"9.0"}]
["Pulverizador Tratorizado","Unidade",239,{"v":1,"d":"1.0"},{"v":2.14,"d":"2.1"},{"v":19,"d":"19.0"},{"v":512,"d":"512.0"}]
["Resfriador de Leite, Tanque Expansão","Unidade",2,{"v":1,"d":"1.0"},{"v":1,"d":"1.0"},{"v":1,"d":"1.0"},{"v":2,"d":"2.0"}]
["Semeadeira/Adubadeira para Plantio Convencional","Unidade",115,{"v":1,"d":"1.0"},{"v":1.12,"d":"1.1"},{"v":7,"d":"7.0"},{"v":129,"d":"129.0"}]
["Semeadeira/Plantadeira Plantio Direto","Unidade",14,{"v":1,"d":"1.0"},{"v":1.14,"d":"1.1"},{"v":2,"d":"2.0"},{"v":16,"d":"16.0"}]
["Terraceador","Unidade",5,{"v":1,"d":"1.0"},1.4,{"v":3,"d":"3.0"},{"v":7,"d":"7.0"}]
["Trator de Esteiras","Unidade",13,{"v":1,"d":"1.0"},{"v":1.38,"d":"1.4"},{"v":5,"d":"5.0"},{"v":18,"d":"18.0"}]
["Trator de Pneus","Unidade",301,{"v":1,"d":"1.0"},{"v":2.38,"d":"2.4"},{"v":35,"d":"35.0"},{"v":717,"d":"717.0"}]
["Açude/Represa","Unidade",205,{"v":1,"d":"1.0"},{"v":1.62,"d":"1.6"},{"v":8,"d":"8.0"},{"v":332,"d":"332.0"}]
["Adega Cantina","Unidade",1,{"v":1,"d":"1.0"},{"v":1,"d":"1.0"},{"v":1,"d":"1.0"},{"v":1,"d":"1.0"}]
["Alambique","Unidade",1,{"v":1,"d":"1.0"},{"v":1,"d":"1.0"},{"v":1,"d":"1.0"},{"v":1,"d":"1.0"}]
["Almoxarifado/Oficina","Unidade",49,{"v":1,"d":"1.0"},{"v":1.06,"d":"1.1"},{"v":3,"d":"3.0"},{"v":52,"d":"52.0"}]
["Armazém para Grãos Ensacados","Sacas",13,{"v":1,"d":"1.0"},{"v":7461.62,"d":"7,461.6"},{"v":50000,"d":"50,000.0"},{"v":97001,"d":"97,001.0"}]
["Balança para Bovinos","Unidade",7,{"v":1,"d":"1.0"},{"v":1.14,"d":"1.1"},{"v":2,"d":"2.0"},{"v":8,"d":"8.0"}]
["Balança para Veículos","Unidade",21,{"v":1,"d":"1.0"},1.1,{"v":2,"d":"2.0"},{"v":23,"d":"23.0"}]
["Barracão para Bicho da Seda/Sirgaria","Unidade",1,{"v":1,"d":"1.0"},{"v":1,"d":"1.0"},{"v":1,"d":"1.0"},{"v":1,"d":"1.0"}]
["Barracão para Granja/Avicultura","Unidade",13,{"v":1,"d":"1.0"},{"v":6.92,"d":"6.9"},{"v":50,"d":"50.0"},{"v":90,"d":"90.0"}]
["Barracão/Galpão/Garagem","Unidade",353,{"v":1,"d":"1.0"},{"v":1.31,"d":"1.3"},{"v":6,"d":"6.0"},{"v":462,"d":"462.0"}]
["Casa de Moradia Habitada","Unidade",428,{"v":1,"d":"1.0"},2.5,{"v":32,"d":"32.0"},{"v":1071,"d":"1,071.0"}]
["Casa de Moradia Total","Unidade",516,{"v":1,"d":"1.0"},{"v":2.95,"d":"3.0"},{"v":36,"d":"36.0"},{"v":1522,"d":"1,522.0"}]
["Curral/Mangueira","Unidade",3,{"v":1,"d":"1.0"},{"v":1.67,"d":"1.7"},{"v":3,"d":"3.0"},{"v":5,"d":"5.0"}]
["Depósito/Tulha","Unidade",206,{"v":1,"d":"1.0"},{"v":1.15,"d":"1.2"},{"v":6,"d":"6.0"},{"v":236,"d":"236.0"}]
["Estábulo","Unidade",63,{"v":1,"d":"1.0"},{"v":1.24,"d":"1.2"},{"v":11,"d":"11.0"},{"v":78,"d":"78.0"}]
["Estufa/Plasticultura","m²",21,{"v":5,"d":"5.0"},{"v":4063.67,"d":"4,063.7"},{"v":18000,"d":"18,000.0"},{"v":85337,"d":"85,337.0"}]
["Fábrica de Farinha","Unidade",9,{"v":1,"d":"1.0"},{"v":1,"d":"1.0"},{"v":1,"d":"1.0"},{"v":9,"d":"9.0"}]
["Instalações para Equinos","Unidade",21,{"v":1,"d":"1.0"},{"v":8.43,"d":"8.4"},{"v":20,"d":"20.0"},{"v":177,"d":"177.0"}]
["Máquina de Benefício","Unidade",14,{"v":1,"d":"1.0"},{"v":1,"d":"1.0"},{"v":1,"d":"1.0"},{"v":14,"d":"14.0"}]
["Packing House","Unidade",5,{"v":1,"d":"1.0"},1.2,{"v":2,"d":"2.0"},{"v":6,"d":"6.0"}]
["Pocilga","Unidade",25,{"v":1,"d":"1.0"},4.8,{"v":30,"d":"30.0"},{"v":120,"d":"120.0"}]
["Poço Semi-Artesiano","Unidade",39,{"v":1,"d":"1.0"},{"v":1.31,"d":"1.3"},{"v":5,"d":"5.0"},{"v":51,"d":"51.0"}]
["Posto Meteorológico","Unidade",3,{"v":1,"d":"1.0"},{"v":1,"d":"1.0"},{"v":1,"d":"1.0"},{"v":3,"d":"3.0"}]
["Secador de Grãos","Unidade",9,{"v":1,"d":"1.0"},{"v":1.67,"d":"1.7"},{"v":4,"d":"4.0"},{"v":15,"d":"15.0"}]
["Silo para Grãos","t",8,{"v":2,"d":"2.0"},{"v":1497,"d":"1,497.0"},{"v":9000,"d":"9,000.0"},{"v":11976,"d":"11,976.0"}]
["Silo para Silagem","t",7,{"v":30,"d":"30.0"},{"v":1902.86,"d":"1,902.9"},{"v":12000,"d":"12,000.0"},{"v":13320,"d":"13,320.0"}]
["Terreiro","m²",28,{"v":1,"d":"1.0"},{"v":2814.32,"d":"2,814.3"},{"v":15000,"d":"15,000.0"},{"v":78801,"d":"78,801.0"}]
["Usina de Açúcar/destilaria","Unidade",4,{"v":1,"d":"1.0"},{"v":1,"d":"1.0"},{"v":1,"d":"1.0"},{"v":4,"d":"4.0"}]
["Fonte: Secretaria de Agricultura e Abastecimento, CDRS/IEA, Projeto LUPA."]
[]
["TABELA 38.4 - Outras Estatísticas Agrícolas, Município de Araras, Estado de São Paulo, 2007/08."]
["ITEM","Número de UPAs",null,"Percentual"]
["Faz Parte de Associação de Produtores",133,null,{"v":14.56736035049288,"d":"14.6"}]
["Faz Parte de Cooperativa de Produtores",469,null,{"v":51.36911281489595,"d":"51.4"}]
["Faz Parte do Sindicato de Produtores",406,null,{"v":44.46878422782037,"d":"44.5"}]
["Não utiliza assistência técnica ",243,null,{"v":26.615553121577218,"d":"26.6"}]
["Utiliza somente assistência técnica governamental ",336,null,{"v":36.801752464403066,"d":"36.8"}]
["Utiliza somente assistência técnica privada ",301,null,{"v":32.968236582694416,"d":"33.0"}]
["Utiliza assistência técnica tanto governamental quanto privada",32,null,{"v":3.5049288061336257,"d":"3.5"}]
["Utiliza Crédito Rural",201,null,{"v":22.015334063526833,"d":"22.0"}]
["Utiliza Seguro Rural",18,null,{"v":1.9715224534501643,"d":"2.0"}]
["Utiliza Escrituração Agrícola",153,null,{"v":16.757940854326396,"d":"16.8"}]
["Acessa Internet p/ Fins na Agropecuária",76,null,{"v":8.32420591456736,"d":"8.3"}]
["Utiliza Computador nas Atividades Agropecuárias",80,null,{"v":8.762322015334064,"d":"8.8"}]
["Utiliza Energia Elétrica Para Uso na Atividade Agrícola",89,null,{"v":9.748083242059145,"d":"9.7"}]
["Realiza Análise de Solo, quando necessário",574,null,{"v":62.869660460021905,"d":"62.9"}]
["Utiliza Práticas de Conservação de Solo, quando necessário",721,null,{"v":78.97042716319825,"d":"79.0"}]
["Faz Adubação Mineral, quando necessário",821,null,{"v":89.92332968236582,"d":"89.9"}]
["Faz Adubação Orgânica, quando necessário",181,null,{"v":19.824753559693317,"d":"19.8"}]
["Faz Adubação Verde, quando necessário",8,null,{"v":0.8762322015334064,"d":"0.9"}]
["Utiliza Manejo Integrado de Pragas (MIP)",3,null,{"v":0.32858707557502737,"d":"0.3"}]
["Utiliza Hidroponia","-",null,"-"]
["Utiliza Plasticultura",11,null,{"v":1.2048192771084338,"d":"1.2"}]
["Utiliza Mudas Fiscalizadas",259,null,{"v":28.36801752464403,"d":"28.4"}]
["Utiliza Semente Melhorada",157,null,{"v":17.196056955093102,"d":"17.2"}]
["Faz Confinamento de Bovinos",16,null,{"v":1.7524644030668128,"d":"1.8"}]
["Utiliza Pastejo Intensivo",50,null,{"v":5.47645125958379,"d":"5.5"}]
["Faz Inseminação Artificial",5,null,{"v":0.547645125958379,"d":"0.5"}]
["Faz Mineralização do Rebanho",67,null,{"v":7.338444687842278,"d":"7.3"}]
["Faz Vermifugação do Rebanho",52,null,{"v":5.695509309967142,"d":"5.7"}]
["Possui Parceiros /Arrendatários na Exploração Animal",11,null,{"v":1.2048192771084338,"d":"1.2"}]
["Esporte e lazer",16,null,{"v":1.7524644030668128,"d":"1.8"}]
["Extração mineral",1,null,{"v":0.1095290251916758,"d":"0.1"}]
["Hotel Fazenda, Pousada ou SPA",1,null,{"v":0.1095290251916758,"d":"0.1"}]
["Pesque-pague",1,null,{"v":0.1095290251916758,"d":"0.1"}]
["Restaurante ou Lanchonete",3,null,{"v":0.32858707557502737,"d":"0.3"}]
["Transformação artesanal","-",null,"-"]
["Turismo rural ou ecoturismo","-",null,"-"]
["Outras atividades econômicas rurais",13,null,{"v":1.4238773274917855,"d":"1.4"}]
["Agroindústria",1,null,{"v":0.1095290251916758,"d":"0.1"}]
["Proprietário sem instrução ou com instrução incompleta",330,null,{"v":36.14457831325301,"d":"36.1"}]
["Proprietário com antigo primário completo",264,null,{"v":28.91566265060241,"d":"28.9"}]
["Proprietário com 1° grau (ou antigo ginasial) completo",51,null,{"v":5.585980284775466,"d":"5.6"}]
["Proprietário com 2° grau (ou antigo colegial) completo",81,null,{"v":8.871851040525739,"d":"8.9"}]
["Proprietário com curso superior completo ",113,null,{"v":12.376779846659364,"d":"12.4"}]
["Pessoa Jurídica",73,null,{"v":7.995618838992334,"d":"8.0"}]
["Proprietário residente na própria UPA ",229,null,{"v":25.082146768893757,"d":"25.1"}]
["Fonte: Secretaria de Agricultura e Abastecimento, CDRS/IEA, Projeto LUPA."]
[]
["TABELA 38.5 - Área Cultivada, Município de Araras, Estado de São Paulo, 2007/08."]
["CULTURA","N.DE UPAs","MÍNIMO","MÉDIO","MÁXIMO","TOTAL"]
["Cana-de-acucar",436,0.3,{"v":72.18,"d":"72.2"},{"v":3682.2,"d":"3,682.2"},{"v":31472.2,"d":"31,472.2"}]
["Laranja",295,0.2,{"v":28.62,"d":"28.6"},{"v":682,"d":"682.0"},{"v":8441.5,"d":"8,441.5"}]
["Milho",155,{"v":1,"d":"1.0"},{"v":11.07,"d":"11.1"},132.5,{"v":1716.2,"d":"1,716.2"}]
["Outras gramineas para pastagem",173,0.1,{"v":7.41,"d":"7.4"},86.1,{"v":1282.1,"d":"1,282.1"}]
["Mandioca",88,0.2,{"v":10.88,"d":"10.9"},95.8,957.2]
["Milho-silagem",1,{"v":493,"d":"493.0"},{"v":493,"d":"493.0"},{"v":493,"d":"493.0"},{"v":493,"d":"493.0"}]
["Cafe",8,{"v":1,"d":"1.0"},{"v":47.36,"d":"47.4"},{"v":117,"d":"117.0"},378.9]
["Abacate",33,0.4,{"v":5.14,"d":"5.1"},15.8,169.6]
["Gramas",7,{"v":3,"d":"3.0"},20.2,{"v":35,"d":"35.0"},141.4]
["Sorgo",3,{"v":20,"d":"20.0"},{"v":46.67,"d":"46.7"},{"v":100,"d":"100.0"},{"v":140,"d":"140.0"}]
["Braquiaria",7,0.1,{"v":19.87,"d":"19.9"},64.3,139.1]
["Tangerina",33,0.1,{"v":4.09,"d":"4.1"},19.5,135.1]
["Seringueira",1,88.5,88.5,88.5,88.5]
["Eucalipto",24,0.2,{"v":3.16,"d":"3.2"},{"v":17,"d":"17.0"},75.8]
["Limao",16,0.1,3.4,12.1,54.4]
["Algodao",5,{"v":4,"d":"4.0"},{"v":9.16,"d":"9.2"},19.4,45.8]
["Coloniao",2,{"v":11,"d":"11.0"},{"v":11.55,"d":"11.6"},12.1,23.1]
["Manga",5,0.1,{"v":4.24,"d":"4.2"},11.3,21.2]
["Tangor",3,0.5,{"v":7.07,"d":"7.1"},19.2,21.2]
["Couve-flor",4,0.3,{"v":3.73,"d":"3.7"},{"v":12,"d":"12.0"},14.9]
["Jilo",3,{"v":2,"d":"2.0"},4.4,7.3,13.2]
["Outras olericolas",13,0.1,{"v":0.73,"d":"0.7"},1.8,9.5]
["Banana",7,0.1,{"v":1.11,"d":"1.1"},1.8,7.8]
["Sorgo-vassoura",4,0.5,1.7,2.8,6.8]
["Capim-napier (ou capim-elefante)",5,0.2,{"v":1.12,"d":"1.1"},2.4,5.6]
["Viveiro de citros",4,0.2,1.2,1.8,4.8]
["Floricultura para corte",2,1.3,{"v":2.15,"d":"2.2"},{"v":3,"d":"3.0"},4.3]
["Palmito",2,0.3,{"v":2.15,"d":"2.2"},{"v":4,"d":"4.0"},4.3]
["Alface",13,0.1,{"v":0.26,"d":"0.3"},{"v":1,"d":"1.0"},3.4]
["Repolho",4,0.1,{"v":0.83,"d":"0.8"},{"v":2,"d":"2.0"},3.3]
["Couve (ou couve-crespa)",10,0.1,{"v":0.25,"d":"0.3"},{"v":1,"d":"1.0"},2.5]
["Coco-da-baia",2,0.7,{"v":1.15,"d":"1.2"},1.6,2.3]
["Chicoria (ou chicoria-de-folha-crespa)",11,0.1,{"v":0.21,"d":"0.2"},0.4,2.3]
["Cebolinha",11,0.1,{"v":0.18,"d":"0.2"},0.3,{"v":2,"d":"2.0"}]
["Pimentao",1,{"v":2,"d":"2.0"},{"v":2,"d":"2.0"},{"v":2,"d":"2.0"},{"v":2,"d":"2.0"}]
["Berinjela",2,0.6,{"v":0.95,"d":"1.0"},1.3,1.9]
["Brocolos (ou brocolis)",6,0.1,{"v":0.25,"d":"0.3"},0.6,1.5]
["Outras frutiferas",4,0.1,{"v":0.38,"d":"0.4"},0.8,1.5]
["Beterraba",5,0.1,{"v":0.24,"d":"0.2"},0.4,1.2]
["Floricultura para vaso",2,0.5,0.5,0.5,{"v":1,"d":"1.0"}]
["Framboesa",1,0.8,0.8,0.8,0.8]
["Cenoura",2,0.3,0.4,0.5,0.8]
["Pimenta",1,0.6,0.6,0.6,0.6]
["Caqui",1,0.5,0.5,0.5,0.5]
["Quiabo",2,0.1,{"v":0.15,"d":"0.2"},0.2,0.3]
["Goiaba",1,0.3,0.3,0.3,0.3]
["Pessego",1,0.3,0.3,0.3,0.3]
["Abobora (ou jerimum)",1,0.1,0.1,0.1,0.1]
["Figo (ou figo-da-europa)",1,0.1,0.1,0.1,0.1]
["Fonte: Secretaria de Agricultura e Abastecimento, CDRS/IEA, Projeto LUPA."]